<?xml version="1.0" encoding="UTF-8"?>
<marc:record xmlns:marc="http://www.loc.gov/MARC21/slim">
   <marc:leader>00000nam a2200000 a 4500</marc:leader>
   <marc:datafield ind1="1" ind2=" " tag="100">
      <marc:subfield code="a">El-Gawhary, Karim-</marc:subfield>
      <marc:subfield code="4">aut</marc:subfield>
      <marc:subfield code="e">Verfasser/-in</marc:subfield>
   </marc:datafield>
   <marc:datafield ind1=" " ind2=" " tag="653">
      <marc:subfield code="a">Naher Osten</marc:subfield>
   </marc:datafield>
   <marc:datafield ind1=" " ind2=" " tag="653">
      <marc:subfield code="a">Araber</marc:subfield>
   </marc:datafield>
   <marc:datafield ind1=" " ind2=" " tag="653">
      <marc:subfield code="a">Geschlechterrolle</marc:subfield>
   </marc:datafield>
   <marc:datafield ind1=" " ind2=" " tag="653">
      <marc:subfield code="a">Biographie</marc:subfield>
   </marc:datafield>
   <marc:datafield ind1="0" ind2="0" tag="245">
      <marc:subfield code="a">Frauenpower auf Arabisch</marc:subfield>
   </marc:datafield>
   <marc:datafield ind1="0" ind2="0" tag="245">
      <marc:subfield code="b">Jenseits von Klischee und Kopftuchdebatte</marc:subfield>
   </marc:datafield>
   <marc:datafield ind1="0" ind2="0" tag="245">
      <marc:subfield code="c">El-Gawhary, Karim-</marc:subfield>
   </marc:datafield>
   <marc:datafield ind1=" " ind2="1" tag="264">
      <marc:subfield code="a">Wien</marc:subfield>
      <marc:subfield code="b">Kremayer und Scheriau</marc:subfield>
      <marc:subfield code="c">2013</marc:subfield>
   </marc:datafield>
   <marc:datafield ind1=" " ind2=" " tag="250">
      <marc:subfield code="a">3. Aufl.</marc:subfield>
   </marc:datafield>
   <marc:datafield ind1="1" ind2=" " tag="520">
      <marc:subfield code="a">Starke Frauen, gute Geschichten: In Porträts und Reportagen erzählt Karim El-Gawhary vom Leben in den dunklen Zeiten der Diktatur, während der Aufstände und in der heutigen arabischen Welt. Es ist wichtig, was wir im, und nicht, was wir auf dem Kopf haben, sagt die junge libysche Frauenaktivistin Magdoulin. Ohnmächtige, wehrlose graue Mäuse, das ist oft das Bild, das der Westen von arabischen Frauen hat. Meist wird über sie, selten mit ihnen geredet. Nun kommen Araberinnen selbst zu Wort, lassen ihr Leben für sich sprechen.In Porträts und Reportagen erzählt Karim El-Gawhary vom Leben in den dunklen Zeiten der Diktatur, während der Aufstände und in der heutigen arabischen Welt.Da ist Umm Naama, die mit einem Euro am Tag ihre sechsköpfige Familie durchbringt. Mariam, die gegen sexuelle Gewalt am Tahrir-Platz kämpft. Sareen, die Scharfschützin Gaddafis, und die junge syrische Widerstandskämpferin Kouki. Oder die Palästinenserin Kamile, deren Sohn in den Krieg zieht, weil Mama nicht gegen Gott konkurrieren kann. Da ist Manal, die sich als erste saudische Frau beim Autofahren filmen ließ. Oder Umm Khaled, die einzige LKW-Fahrerin Ägyptens, die mit ihrem 30-Tonner durchs Nilland brettert. Karim El-Gawhary hinterfragt Stereotypen.function anzeigen(das) {
 if (document.getElementById(das).style.display=='none') {
  document.getElementById(das).style.display='block';
 }
 else {
  document.getElementById(das).style.display='none';
 }
}
 Inhaltsverzeichnis ein- /ausblenden  Kaleidoskop der Wirklichkeit 9 Vorwort von Claudia Roth Spray it, Habibti 13 Alle reden vom Kopftuch - wir nicht 18 Die stolzen Pionierinnen 29 Samira und Iman: Sie zogen aus, um in der ägyptischen Wüste Tomaten zu züchten 30 Inas: Die Kairoer Taxifahrerin 35 Die 30 Tonnen der Umm Khaled 40 Salwa und Abier sorgen für mehr saudische Frauenzimmer 47 Bouschra testet mit ihrer Kamera die jemenitischen Grenzen 53 Tahani, Ägyptens erste Richterin 56 Randa: Ägyptens erste revolutionäre Dekanin 63 Ghalia: Auch mit wenig Geld kocht es sich mit Würde 69 Die bitteren Verliererinnen 75 Ajat: Wenn eine junge Palästinenserin als Waffe stirbt... 76 Kamile: Die palästinensische Mama gegen Gott 81 Die Palästinenserin Ghada: "Mama, sie werfen Feuer auf uns" 87 Die syrische Studentin Hadil: In einem Jahr um 20 Jahre gealtert 99 Fatma und Magda: Das biblische Drama von Port Said 103 llmm Naama, die Heldin des täglichen Überlebens am Stadtrand von Kairo 117 Die unerschrockenen Kämpferinnen 127 Der Anfang: Die Töchter des Tahrir 128 Die Fortsetzung: Die dunkle Seite des Tahrir 132 Frauen im libyschen Aufstand 140 Asmaa und Magdoulin: Vom Aufstand gegen Gaddafi zum Aufstand gegen die Tradition 147 Wafa und Intisar: Libysche Politikerinnen der ersten Stunde 153 Abier: Die kämpferische Gewerkschafterin aus Suez 158 Zeinab: @angryarabiya, die zornige Bahraini. Ein virtuelles Porträt 169 Manal wagt es, sich in Saudi-Arabien ans Steuer zu setzen 179 Der Schlüssel für den Erfolg der arabischen Revolution ist weiblich 185 Nachwort</marc:subfield>
   </marc:datafield>
   <marc:datafield ind1=" " ind2=" " tag="020">
      <marc:subfield code="a">9783218008792</marc:subfield>
      <marc:subfield code="9">9783218008792</marc:subfield>
   </marc:datafield>
   <marc:datafield ind1=" " ind2=" " tag="020">
      <marc:subfield code="a">3218008794</marc:subfield>
      <marc:subfield code="9">3218008794</marc:subfield>
   </marc:datafield>
   <marc:datafield ind1=" " ind2=" " tag="041">
      <marc:subfield code="a">ger</marc:subfield>
   </marc:datafield>
   <marc:datafield ind1=" " ind2=" " tag="338">
      <marc:subfield code="a">Band</marc:subfield>
   </marc:datafield>
   <marc:datafield ind1=" " ind2=" " tag="300">
      <marc:subfield code="a">203, VIII S. : Ill.</marc:subfield>
   </marc:datafield>
</marc:record>
